| 000 | 00939cam a2200289 a 4500 | ||
|---|---|---|---|
| 001 | 1905 | ||
| 003 | BD-RjUL | ||
| 005 | 20211208233434.0 | ||
| 008 | 131208s1983 bg b f001 0 eng | ||
| 035 | _a(BD-RjUL)1932 | ||
| 040 |
_aDLC _cDLC _d(BD-RjUL) _beng |
||
| 041 | _aeng | ||
| 082 | 0 | 0 |
_a959.70431 _219 _bABP |
| 100 | 0 |
_aAbul Kalam. _96289 |
|
| 245 | 1 | 0 |
_aPeacemaking in Indochina, 1954-1975 / _cAbul Kalam ; foreword by Adam Curle. |
| 250 | _a1st ed. | ||
| 260 |
_a[Dhaka] : _bUniversity of Dhaka, _c1983. |
||
| 300 |
_axiv, 458 p. ; _c25 cm. |
||
| 500 | _aRevision of the author's thesis (Ph. D.--University of Liverpool, 1981) | ||
| 504 | _aIncludes bibliographical references and index. | ||
| 650 | 0 |
_aVietnam War, 1961-1975 _xPeace. _96290 |
|
| 650 | 0 |
_aIndochinese War, 1946-1954 _xPeace. _96291 |
|
| 651 | 0 |
_aVietnam _xHistory _y1945-1975. _96292 |
|
| 942 |
_2ddc _cBK |
||
| 999 |
_c1905 _d1905 |
||